North America office report (Record no. 109552)

MARC details
000 -LEADER
fixed length control field 00991cad a22002535a 4500
001 - CONTROL NUMBER
control field E147425
008 - FIXED-LENGTH DATA ELEMENTS--GENERAL INFORMATION
fixed length control field 090511s2009 xxk f 000 0 eng d
035 ## - SYSTEM CONTROL NUMBER
System control number (Sirsi) u147425
041 0# - LANGUAGE CODE
Language code of text/sound track or separate title eng
050 04 - LIBRARY OF CONGRESS CALL NUMBER
Classification number 333.33 $2 18
110 2# - MAIN ENTRY--CORPORATE NAME
Corporate name or jurisdiction name as entry element Jones Lang LaSalle
9 (RLIN) 3755
245 00 - TITLE STATEMENT
Title North America office report
Remainder of title Q1 2009
Medium [electronic resource]
260 ## - PUBLICATION, DISTRIBUTION, ETC.
Place of publication, distribution, etc. [S.l.]
Name of publisher, distributor, etc. JLL
Date of publication, distribution, etc. 2009
490 #0 - SERIES STATEMENT
Series statement North America Office Report
Volume/sequential designation First Quarter 2009
520 ## - SUMMARY, ETC.
Summary, etc. Reports that widespread job losses are affecting demand for office space, with landlords reducing rents and offering increased concessions to tenants to try to make their properties more attractive.
521 ## - TARGET AUDIENCE NOTE
Target audience note Advanced
590 ## - LOCAL NOTE (RLIN)
Local note KA
650 24 - SUBJECT ADDED ENTRY--TOPICAL TERM
Topical term or geographic name entry element NORTH AMERICA OFFICE REPORT
651 #4 - SUBJECT ADDED ENTRY--GEOGRAPHIC NAME
Geographic name United States
Chronological subdivision 1959-
651 #4 - SUBJECT ADDED ENTRY--GEOGRAPHIC NAME
Geographic name Canada
690 ## - LOCAL SUBJECT ADDED ENTRY--TOPICAL TERM (OCLC, RLIN)
Topical term or geographic name as entry element PROPERTY-COMMERCIAL PROPERTY-COMMERCIAL PROPERTY MARKET
856 40 - ELECTRONIC LOCATION AND ACCESS
Uniform Resource Identifier <a href="https://www.us.am.joneslanglasalle.com/">https://www.us.am.joneslanglasalle.com/</a>
Public note View the document at www.us.am.joneslanglasalle.com...
942 ## - ADDED ENTRY ELEMENTS (KOHA)
Suppress in OPAC 0
Holdings
Withdrawn status Lost status Source of classification or shelving scheme Damaged status Not for loan Home library Current library Shelving location Date acquired Total Checkouts Full call number Barcode Date last seen Copy number Price effective from Koha item type
    Dewey Decimal Classification     Virtual Virtual Online 11/05/2009   ONLINE PUBLICATION 147425-2001 06/08/2019 1 06/08/2019 Book